000
00295nam a22001337a 4500
008
170623b xxu||||| |||| 00| 0 eng d
020
_a
9780314288875
041
_a
eng
080
_2
13TH
_a
343.9
100
_a
14
101
_a
SHJ
245
_a
CRIMINAL PROCEDURE
_c
KAMISAR,Y
942
_2
udc
_c
BK
999
_c
18919
_d
18919